|
|
|
|
| LEADER |
00000nam0a2200000 4500 |
| 001 |
283329 |
| 005 |
20231101235603.0 |
| 020 |
|
|
|a RU
|b 85-4781
|
| 035 |
|
|
|a (RuTPU)RU\TPU\book\307392
|
| 090 |
|
|
|a 283329
|
| 100 |
|
|
|a 20150206d1984 km y0rusy5003 ca
|
| 101 |
0 |
|
|a rus
|
| 102 |
|
|
|a RU
|
| 105 |
|
|
|a a z 001zy
|
| 200 |
1 |
|
|a Повышение долговечности металлических конструкций промышленных зданий
|f А. И. Кикин [и др.]
|g под ред. А. И. Кикина
|
| 205 |
|
|
|a 2-е зд., перераб. и доп.
|
| 210 |
|
|
|a Москва
|c Стройиздат
|d 1984
|
| 215 |
|
|
|a 301 с.
|c ил.
|
| 305 |
|
|
|a Загл. 1-го изд.: Повышение долговечности конструкций промышленных зданий
|
| 320 |
|
|
|a Библиогр.: с. 291-300
|
| 606 |
1 |
|
|a Металлические конструкции
|x Производство
|2 stltpush
|3 (RuTPU)RU\TPU\subj\42324
|9 62003
|
| 610 |
1 |
|
|a промышленные здания
|
| 610 |
1 |
|
|a долговечность
|
| 610 |
1 |
|
|a стальные конструкции
|
| 610 |
1 |
|
|a прогнозирование
|
| 610 |
1 |
|
|a надежность
|
| 610 |
1 |
|
|a силовое воздействие
|
| 610 |
1 |
|
|a дефекты
|
| 610 |
1 |
|
|a каркасы
|
| 610 |
1 |
|
|a защита
|
| 610 |
1 |
|
|a агрессивные среды
|
| 610 |
1 |
|
|a усиление
|
| 610 |
1 |
|
|a техническая эксплуатация
|
| 675 |
|
|
|a 691.77
|z rus
|v 3
|
| 701 |
|
1 |
|a Кикин
|b А. И.
|g Александр Иванович
|
| 701 |
|
1 |
|a Васильев
|b А. А.
|g Анатолий Александрович
|
| 701 |
|
1 |
|a Кошутин
|b Б. Н.
|g Борис Николаевич
|
| 701 |
|
1 |
|a Уваров
|b Б. Ю.
|
| 702 |
|
1 |
|a Кикин
|b А. И.
|g Александр Иванович
|4 340
|
| 801 |
|
0 |
|a RU
|b RuMRKP
|c 19950704
|g psbo
|
| 801 |
|
1 |
|a RU
|b 63413507
|c 20150206
|
| 801 |
|
2 |
|a RU
|b 63413507
|c 20170926
|g RCR
|
| 942 |
|
|
|c BK
|